Priglashenie na kazn' /

Bibliographic Details
Main Author: Nabokov, Vladimir Vladimirovich, 1899-1977
Format: Book
Language:Russian
Published: Ann Arbor : Ardis, [1979]

MARC

Tag First Indicator Second Indicator Subfields
LEADER 00000cam a2200000 a 4500
001 in00000092034
005 20151008064129.0
008 790907r19791938miu 00011 rusmd
020 |a 0882334298 (cloth) 
020 |a 0882334301 (pbk.) 
035 |a (OCoLC)05348111 
035 |9 AAK3588AM 
040 |a CLE  |c CLE  |d TXA  |d UtOrBLW 
049 |a TXAM  |c 1 [1442635], 2 [1442636] 
090 |a Fiction 
090 |a PG3476.N3  |b P7 1979 
100 1 |a Nabokov, Vladimir Vladimirovich,  |d 1899-1977. 
245 1 0 |a Priglashenie na kazn' /  |c Vladimir Nabokov. 
264 1 |a Ann Arbor :  |b Ardis,  |c [1979] 
264 4 |c ©1979 
300 |a 25-218 pages ;  |c 19 cm. 
336 |a text  |b txt  |2 rdacontent 
337 |a unmediated  |b n  |2 rdamedia 
338 |a volume  |b nc  |2 rdacarrier 
500 |a In Cyrillic characters. 
500 |a Reprint. Originally published: Paris : Dom knigi, 1938. 
999 |a MARS 
999 f f |s de7756f9-450e-333b-be78-cfc42e0cccd9  |i 74a867f1-5196-324f-89cb-97a4aff45e03  |t 0 
952 f f |p ric  |a Texas A&M University  |b Rellis Campus  |c Joint Library Facility  |s JLF  |d Remote Storage  |t 0  |e PG3476.N3 P7 1979  |h Library of Congress classification  |i unmediated -- volume  |m A14806175884 
998 f f |a PG3476.N3 P7 1979  |t 0  |l Remote Storage